000 01848nam a2200421 a 4500
001 ebr10285204
003 CaPaEBR
006 m u
007 cr cn|||||||||
008 070525s2007 enka s 000 0 eng
010 _z 2007929638
015 _aGBA771173
_2bnb
016 7 _z013834086
_2Uk
020 _z9781412920797 (hbk.)
020 _z1412920795 (hbk.)
020 _z1412920809 (pbk.)
020 _z9781412920803 (pbk.)
040 _aCaPaEBR
_cCaPaEBR
035 _a(OCoLC)503441588
050 1 4 _aHV6233
_b.G63 2007eb
082 0 4 _a364.109
_222
100 1 _aGodfrey, Barry S.
245 1 0 _aHistory and crime
_h[electronic resource] /
_cBarry S. Godfrey, Paul Lawrence and Chris A. Williams.
260 _aLondon :
_bSAGE,
_c2007.
300 _a197 p. :
_bill.
490 1 _aKey approaches to criminology
505 0 _aIntroduction -- History, criminology, and "historical criminology" -- The history of criminal statistics -- Police governance : enforcement, discretion, professionalism, and accountability -- Changing perceptions of criminality -- Immigration, ethnicity, race, and crime -- Surveillance : from the workplace to the streets? -- Incarceration and decarceration -- Glossary.
533 _aElectronic reproduction.
_bPalo Alto, Calif. :
_cebrary,
_d2013.
_nAvailable via World Wide Web.
_nAccess may be limited to ebrary affiliated libraries.
650 0 _aCrime
_xHistory.
650 0 _aCriminology
_xHistory.
650 0 _aCriminal justice, Administration of
_xHistory.
655 7 _aElectronic books.
_2local
700 1 _aLawrence, Paul,
_d1955-
700 1 _aWilliams, Chris A.
710 2 _aebrary, Inc.
830 0 _aKey approaches to criminology.
856 4 0 _uhttp://site.ebrary.com/lib/rucke/Doc?id=10285204
_zAn electronic book accessible through the World Wide Web; click to view
999 _c1857
_d1857